Metodología para el cálculo de pérdidas técnicas en redes de distribución eléctrica
Guardado en:
| Autor principal: | |
|---|---|
| Formato: | Libro |
| Publicado: |
[San José, Costa Rica]
2008
|
| Materias: | |
| Etiquetas: |
Agregar Etiqueta
Sin Etiquetas, Sea el primero en etiquetar este registro!
|
MARC
| LEADER | 00000nam a2200000Ia 4500 | ||
|---|---|---|---|
| 003 | 001203 | ||
| 005 | 20221231144056.0 | ||
| 008 | 140114s2008 cr a 000 ||s d | ||
| 040 | |c cru CEDI | ||
| 090 | |a TFG 5725 | ||
| 100 | |a Vásquez Castillo, Alex |9 2081 | ||
| 245 | |a Metodología para el cálculo de pérdidas técnicas en redes de distribución eléctrica | ||
| 260 | |c 2008 |b [San José, Costa Rica] | ||
| 300 | |a xiv, 146, [21] hojas; ilustraciones a color | ||
| 500 | |a Proyecto de graduación (bachillerato ingeniería eléctrica)--Universidad de Costa Rica. Facultad de Ingeniería. Escuela Ingeniería Eléctrica | ||
| 650 | |x DISTRIBUCION DE ENERGIA ELECTRICA |x CANALES DE DISTRIBUCION |x CRISIS ENERGETICA |9 4190 | ||
| 942 | |c TFG | ||
| 999 | |c 16534 |d 16534 | ||
